| 000 | 00717nam a2200217 i 4500 | ||
|---|---|---|---|
| 001 | 55340 | ||
| 003 | ES-MaACL | ||
| 005 | 20230906163126.0 | ||
| 007 | t| | ||
| 008 | 030917s1965 sp ||||1| spa d | ||
| 100 | 1 |
_aDenis, Henri. _943701 |
|
| 245 | 1 | 3 |
_aEl sacerdote ¿para qué? / _cHenri Denis , [traducción de José Alfonso Cabo y Miguel Román]. |
| 260 |
_aMadrid : _bZYX, _c[1965] |
||
| 300 |
_a77 p. ; _c17 cm. |
||
| 490 | 1 |
_aMovimiento sacerdotal. Sección Maestro Avila ; _v11 |
|
| 700 | 1 |
_aCabo, José Alfonso. _933231 |
|
| 700 | 1 |
_aRomán, Miguel. _999219 |
|
| 830 | 0 |
_aMovimiento sacerdotal. Sección Maestro Avila ; _v11 _9183818 |
|
| 852 |
_aES-MaACL _jC-28352 _bR.57586 |
||
| 999 |
_c55340 _d55340 |
||